Normal view MARC view

Entry Término cronológico

Number of records used in: 1

001 - NÚMERO DE CONTROL

  • campo de control: 25030

003 - IDENTIFICADOR DEL NÚMERO DE CONTROL

  • campo de control: OSt

005 - FECHA Y HORA DE LA ÚLTIMA TRANSACCIÓN

  • campo de control: 20250325160451.0

008 - DATOS DE LONGITUD FIJA

  • campo de control de longitud fija: 250325|| aca||babn | a|a d

040 ## - FUENTE DE LA CATALOGACIÓN

  • Centro catalogador/agencia de origen: OSt

148 ## - ENCABEZAMIENTO--TÉRMINO CRONOLÓGICO

  • Término cronológico: 1400-1499

Powered by Koha